000 00447nam a22001697a 4500
003 NUST - PNEC
005 20170116181001.0
008 150908b xxu||||| |||| 00| 0 eng d
020 _a8120323149
040 _cLIBRARY
082 _a621.381 TOC
100 _99077
_aTocci, Ronald J.
245 _aDigital systems: Principles & applications
_cRonald J. Tocci
260 _cc.1980
650 _99079
_aDigital Systems
_xMIS, EE
942 _2ddc
_cBK
999 _c66714
_d66714